000 00388nam a2200157Ia 4500
008 230711s9999||||xx |||||||||||||| ||und||
041 _aENG
082 _a658
_bSH-E
100 _aSharma,D.P
245 0 _aE-Retailing principles and practice
250 _a1st
260 _c2009
_aMumbai
_bHimalaya Publishing House
300 _a388
650 _aUNIVESITY BUSNIESS SCHOOL
942 _cBK
999 _c5584
_d5584